000
00285nam a2200109 4500
999
_c
9919
_d
9919
008
180723b ||||| |||| 00| 0 eng d
245
_a
Community-based tourism pushed.
260
_a
Davao City
_b
Sun Star Davao
_c
c2016
300
_a
page 2.
650
0
_9
29295
_a
Tourism.
942
_2
ddc
_c
PER